LIBRARY & INFORMATION CENTRE, KCAET, TAVANUR

ONLINE PUBLIC ACCESS CATALOGUE (OPAC)

Classification and Identification of Soils For General Engineering / (Record no. 3056)

MARC details
000 -LEADER
fixed length control field 00472cam a2200157ua 4500
041 ## - LANGUAGE CODE
Language code of text/sound track or separate title eng
082 ## - DEWEY DECIMAL CLASSIFICATION NUMBER
Classification number 624.131
Item number IND/CL
100 ## - MAIN ENTRY--AUTHOR NAME
Personal name Indian StandardsInstitution , .
245 00 - TITLE STATEMENT
Title Classification and Identification of Soils For General Engineering /
250 ## - EDITION STATEMENT
Edition statement 1 /
260 ## - PUBLICATION, DISTRIBUTION, ETC. (IMPRINT)
Place of publication New Delhi :
Name of publisher Indian Standards Institution ,
Year of publication 1972.
300 ## - PHYSICAL DESCRIPTION
Number of Pages 24 ; .
942 ## - ADDED ENTRY ELEMENTS (KOHA)
Koha item type Books
Holdings
Withdrawn status Lost status Damaged status Home library Current library Date acquired Full call number Accession Number Koha item type
      KAUAET KAUAET 07/04/2012 624.131 17029 Standards
free website counter